000 01190nam2a22002531 4500
001 rc\96717
005 20250620200836.0
010 _a5-7664-0508-1
_951000
035 _a(NLR Aleph) 005401914
090 _a7283533
_c7283533
100 _a20021216d1991 |||y0rusy50 ca
101 0 _arus
102 _aRU
105 _aa |||||||||
200 1 _aУбийства по алфавиту
_aЧас Нуль
_eРоманы
_f[Пер. А.А. Креснин]
210 _cСП "Интербук". Харьк. центр
_d1991
_aБ. м.
215 _a342, [1] с.
_cил.
461 0 _1001rc\96711
_12001#$aСобрание сочинений$eВ 20 т.$e[Пер. с англ.]$fАгата Кристи$g[Сост., предисл., общ. ред. И.А. Осиновской]$vТ. 6
_1700#1$aКристи$bА.$f1890-1976$gАгата$3RU\NLR\AUTH\772006
_97283475
_aКристи, А. (1890-1976)
_cХарьков
_d1991-
_fАгата Кристи
_nХСП "Интербук"
_oВ 20 т. : [Пер. с англ.]
_tСобрание сочинений
_y5766405014
_vТ. 6
801 0 _aRU
_bNLR
_gpsbo
801 1 _aRU
_bELAR
_2rusmarc
852 _aNLR
_j91-3/967
942 _cBOOK
980 _aNB